00586cam a22002291 4500001001300000003000400013005001700017008004100034010001700075025002000092035001900112040001800131042001200149050001800161082001600179100001700195245006400212260002000276300001800296650002500314999001700339sa 67004894 DLC20260227112352.0801224s1966 pk 000 0 eng  asa 67004894  aPL480: P-E-1142 a(OCoLC)7035708 aDLCcNNUdDLC apremarc00aHX550.I8bH34 a297/.197/851 aHaq, Inamul.10aPrinciples and philosophy of democratic socialism in Islam. aKarachic[1966] a58 p.c25 cm. 0aSocialism and Islam. c74840d74840